00635nam a22001817a 450000500170000001000150001702000270003203500150005903700140007408200170008810000180010524500830012326000550020627000890026130000300035050000580038070000150043820181024163441.0 aENG-124361 c1595.00a9789352806904 a EN-107893 bDBAD/PUB. a658.31240954 aPareek, Udai  aTraining instruments in HRD and OD 4e /cby Udai Pareek; forwarded by T.V. Rao aNew DelhibSage Publications India Pvt. Ltd.c2018 aB1/I-1, Mohan Cooperative Industrial Area Mathura Road Post Bag 7bNew Delhie110044 axv,614p.c26cm(pbk)bill. aIt includes bibliography, index and about the authors a Rao, T.V.